000 00747nam a2200253Ia 4500
003 OSt
005 20220927105340.0
006 a|||||r|||| 00| 0
007 ta
008 220926b |||||||| |||| 00| 0 eng d
020 _a8120788108
024 _a194427
037 _cReference Collections
040 _aRTL
_cRTL
_beng
041 _2eng
_aeng
082 _a"Y:1.247w.N7, N9"
100 _avanbeek martijn
_9371874
245 0 _aLadak
_b Culture History and Developement between Himalaya and karakoram.
260 _aNew
_bDelhi Sterling pub.
_c1999
300 _a413p
_ccm.
490 _aRecent Research on Ladakh 8
942 _h"Y:1.247w.N7, N9"
_cCC
999 _c692036
_d692036